[Event "29th Czech Open-Rapid 2018"]
[Site "Pardubice"]
[Date "2018.07.18"]
[Round "1"]
[White "Paravyan, David"]
[Black "Claridge-Hansen, William"]
[Result "1-0"]
[WhiteElo "2638"]
[BlackElo "2291"]
[Annotator "TA"]
[PlyCount "63"]
[EventDate "2018.07.18"]
[EventType "swiss"]
[EventCountry "CZE"]
[SourceTitle "playchess.com"]
[Source "ChessBase"]
[SourceQuality "1"]

{[%evp 14,63,0,-6,12,-6,29,-6,-9,-14,12,0,28,-18,-20,-36,-45,-89,-39,-48,-33,-37,-37,-37,-47,-6,43,20,29,-245,136,135,143,131,165,171,256,235,244,246,235,247,433,364,366,374,358,366,867,723,933,933]} 1. d4 Nf6 2. c4 e6 3. g3 d5 4. Bg2 Bb4+ 5. Bd2 Be7 6. Nf3 O-O 7. O-O c6 8. Na3 {LiveBook: 14 Games. E11: Bogo-Indian} a6 $146 ({Predecessor:} 8... Ne4 9. Bf4 Nd7 10. Qc2 f5 11. Rad1 g5 12. Bc1 Nd6 13. Ne5 Qe8 14. Qb3 Nxe5 15. dxe5 Ne4 {½-½ (25) Aronian,L (2809)-Radjabov,T (2724) Geneva 2017}) 9. Qb3 b5 10. cxd5 {White has an edge.} cxd5 11. Rfc1 Bb7 12. Ne5 Qb6 13. Nc2 a5 14. g4 Ne4 15. Bf4 {[%cal Bd2f4,Bf4g3,Bg3h2][%mdl 32]} a4 16. Qe3 g5 17. Bg3 f6 18. Nd3 Nd7 19. h4 h6 20. Bh2 f5 21. f3 $2 {[%mdl 8192]} (21. gxf5 $11 {and White stays safe.} exf5 22. hxg5 Bxg5 23. Bf4) 21... a3 $2 (21... f4 $19 22. Nxf4 gxf4 23. Bxf4 e5 24. Bxh6 Bxh4) 22. gxf5 $16 ({Reject} 22. fxe4 $6 f4 $11) 22... exf5 23. fxe4 dxe4 {[#]} 24. Ne5 $1 ({And not} 24. bxa3 exd3 25. Qxe7 Rf7 $11) 24... axb2 (24... Nxe5 $142 25. Bxe5 axb2 26. Qb3+ Rf7) 25. Qb3+ $18 ({Don't do} 25. Nxd7 $6 Qe6 $16) 25... Kh7 26. Nxd7 bxc1=Q+ 27. Rxc1 Qg6 $2 (27... Qc6 {might work better.}) 28. Qxb5 Bc6 29. Nxf8+ Bxf8 30. Qb6 f4 $2 (30... Rc8 31. Ne3 Bd7 32. Qxg6+ Kxg6) 31. h5 Qf6 {[#]} 32. Bxe4+ $1 {Precision: White = 46%, Black = 16%.} 1-0

[Event "29th Czech Open-Rapid 2018"]
[Site "Pardubice"]
[Date "2018.07.18"]
[Round "1"]
[White "Movsesian, Sergei"]
[Black "Vokoun, Jan"]
[Result "1-0"]
[WhiteElo "2635"]
[BlackElo "2124"]
[Annotator "TA"]
[PlyCount "43"]
[EventDate "2018.07.18"]
[EventType "swiss"]
[EventCountry "CZE"]
[SourceTitle "playchess.com"]
[Source "ChessBase"]
[SourceQuality "1"]

{[%evp 11,43,21,34,21,28,29,47,19,51,39,43,39,38,44,50,25,44,38,57,49,57,48,61,58,49,22,44,36,230,214,218,225,29996,29997]} 1. e4 g6 2. d4 Bg7 3. Nc3 {[%cal Bb1c3,Bc3e2,Be2g3][%mdl 32]} c6 4. h3 d6 5. Be3 b5 {[%cal Bb7b5,Bb5b4][%mdl 32]} 6. f4 {B06: Moderne Verteidigung} (6. Nf3 Nd7 7. Bd3 a6 8. Ne2 Ngf6 9. Ng3 O-O 10. O-O Bb7 11. c3 e5 12. Re1 Re8 13. Bc2 Qc7 14. Qd2 {1-0 (38) David,A (2584)-Pap,G (2536) Trieste 2015}) 6... b4 {LiveBook: 6 Partien} 7. Nce2 Nf6 8. Ng3 {Weiß hat minimalen Vorteil.} Qb6 $146 ({Vorgänger:} 8... h5 9. Bd3 h4 10. N3e2 d5 11. e5 Ne4 12. Nf3 Bf5 13. O-O e6 {1-0 (40) Renner,C (2431)-Bukal,V (2394) Vienna 2009}) 9. Qd2 a5 10. Nf3 Nbd7 11. Bd3 Ba6 12. O-O O-O 13. f5 Bxd3 14. cxd3 Qb5 15. Rad1 c5 16. Kh1 Rac8 17. dxc5 Nxc5 18. Nd4 Qb7 19. Bh6 Ncd7 $2 (19... e6 $14) 20. Bxg7 Kxg7 21. fxg6 hxg6 $2 {[#]} (21... fxg6 $18 22. Ne6+ Kg8 23. Nxf8 Nxf8) 22. Ngf5+ $1 {[%mdl 512] Precision: Weiß = 66%, Schwarz = 34%.} 1-0

[Event "29th Czech Open-Rapid 2018"]
[Site "Pardubice"]
[Date "2018.07.18"]
[Round "1"]
[White "Sengupta, Deep"]
[Black "Mitra, Roman C"]
[Result "1-0"]
[WhiteElo "2565"]
[BlackElo "2104"]
[Annotator "TA"]
[PlyCount "47"]
[EventDate "2018.07.18"]
[EventType "swiss"]
[EventCountry "CZE"]
[SourceTitle "playchess.com"]
[Source "ChessBase"]
[SourceQuality "1"]

{[%evp 13,47,31,50,32,56,56,59,48,52,57,55,52,87,84,102,72,58,66,58,51,56,39,54,37,89,86,82,93,125,120,241,235,754,746,731,700]} 1. e4 c5 2. Nf3 a6 3. c3 d5 4. exd5 Qxd5 5. d4 e6 6. Na3 Nf6 7. Nc4 Qd8 {LiveBook: 4 Partien. B22: Sizilianisch (Alapin 2.c3)} (7... Nbd7 8. a4 b6 9. Be2 Bb7 10. O-O cxd4 11. Qxd4 Bc5 12. Qf4 O-O 13. Rd1 Qc6 14. Qh4 Rfd8 15. Bf4 Nf8 16. Rxd8 Rxd8 {0-1 (50) Savchenko,B (2602)-Ghaem Maghami,E (2540) Hamedan 2017}) 8. Be3 cxd4 9. Bxd4 {Droht stark Sb6.} Nbd7 {Weiß steht etwas besser.} 10. a4 $146 {[%cal Ba2a4,Ba4a5][%mdl 32]} ({Vorgänger:} 10. Nfe5 Be7 11. Nxd7 Bxd7 12. Nb6 Rb8 13. Be2 O-O 14. Bxf6 {1-0 (14) Ubushiev,A (2257)-Musaeva,A (2099) St Petersburg 2001}) 10... Be7 11. a5 O-O 12. Bd3 Nd5 13. O-O Bf6 14. Be4 (14. Bc2 {keeps more tension.} Qc7 15. Qd3 g6 16. Rfd1 Nf4 17. Qf1) 14... Bxd4 15. Qxd4 N7f6 16. Rfd1 {Droht Sb6 und aus.} Qe7 17. Bc2 Bd7 18. Nce5 {zielt auf Dh4 ab.} Rfd8 {[#]} (18... h6 $14) 19. Qh4 $1 $16 h6 20. g4 $36 {[%mdl 2048] Und weiter mit g5 wäre nett. Weiss ist am Drücker.} Be8 21. g5 hxg5 (21... Nd7 $16) 22. Nxg5 $18 {Und Lh7+ würde nun gewinnen.} Qc7 $2 (22... g6 23. c4 Nb4) 23. Bh7+ Kf8 {[#]} 24. Ng6+ $1 {[%mdl 512] Precision: Weiß = 68%, Schwarz = 37%.} 1-0

[Event "29th Czech Open-Rapid 2018"]
[Site "Pardubice"]
[Date "2018.07.18"]
[Round "1"]
[White "Vorobiov, Evgeny E"]
[Black "Mojzis, Jaroslav"]
[Result "1-0"]
[WhiteElo "2564"]
[BlackElo "2099"]
[Annotator "TA"]
[PlyCount "34"]
[EventDate "2018.07.18"]
[EventType "swiss"]
[EventCountry "CZE"]
[SourceTitle "playchess.com"]
[Source "ChessBase"]
[SourceQuality "1"]

{[%evp 16,34,33,17,420,427,654,512,517,515,778,768,742,633,633,630,640,637,620,622,960]} 1. d4 Nf6 2. c4 e6 3. Nf3 b6 4. Bf4 Bb7 5. e3 c5 6. d5 {E12: Queen's Indian: Unusual White 4th moves, 4 a3, 4 Nc3 Bb7 5 a3 and 4 Nc3 Bb7} exd5 7. Nc3 dxc4 8. Nb5 Na6 9. Bxc4 {LiveBook: 5 Games. And now Ne5 would win.} d5 $2 {[%mdl 8192] [#]} (9... Be7 $1 $11 {and Black is okay.}) 10. Qa4 $1 $18 Nd7 {[#]} (10... Ke7 $142 11. Nd6 Nc7 12. Nxb7 Qd7) 11. Bxd5 $146 {[%mdl 512]} ({Predecessor:} 11. Ne5 f6 12. Nxd7 dxc4 13. O-O-O Nb4 {0-1 (30) Izoria,Z (2647)-Naiditsch,A (2664) Kusadasi 2006}) 11... Bxd5 12. Qxa6 Rc8 (12... Bc4 $142 13. O-O-O f6 14. Nd6+ Bxd6 15. Qxc4 Bxf4 16. exf4 Rc8 17. Rhe1+ Kf8) 13. O-O-O Bc6 14. Nxa7 Ra8 15. Nxc6 Rxa6 16. Nxd8 Kxd8 17. Ne5 Ra7 1-0

[Event "29th Czech Open-Rapid 2018"]
[Site "Pardubice"]
[Date "2018.07.18"]
[Round "1"]
[White "Plat, Vojtech"]
[Black "Nikologorsky, Matfei"]
[Result "1-0"]
[WhiteElo "2543"]
[BlackElo "2222"]
[Annotator "TA"]
[PlyCount "135"]
[EventDate "2018.07.18"]
[EventType "swiss"]
[EventCountry "CZE"]
[SourceTitle "playchess.com"]
[Source "ChessBase"]
[SourceQuality "1"]

{[%evp 22,135,63,1,34,39,71,49,39,39,70,10,25,0,-12,-33,-10,-13,-1,-33,-16,-30,224,0,303,175,187,172,157,155,277,149,252,254,250,250,242,230,232,0,179,169,182,112,241,220,249,193,202,196,192,193,234,227,252,252,251,251,246,219,165,162,223,223,395,215,215,215,441,392,387,376,376,371,330,308,240,215,215,215,215,0,215,215,215,215,215,215,215,215,215,215,215,215,215,213,213,213,1146,1146,986,962,1029,1022,720,301,1146,229,29975,29976,29976,29977,29982,29979,29981,29982]} 1. d4 Nf6 2. c4 g6 3. g3 d5 4. cxd5 Nxd5 5. Bg2 Bg7 6. e4 Nb6 7. Ne2 c5 8. d5 e6 9. O-O exd5 10. exd5 O-O {D72: Fianchetto Grünfeld: 5 cxd5 Nxd5 6 e4 Nb6 (without Nf3)} 11. Nec3 Na6 12. Na3 {LiveBook: 38 Games} (12. Nd2 $14) (12. h4 Nc4 13. Qb3 Na5 14. Qd1 Bf5 15. Bg5 Qb6 16. Na4 Qd6 17. Nbc3 Qd7 18. Re1 {0-1 (27) Dvirnyy,D (2534)-Le,Q (2737) Caleta 2018}) 12... h5 {The position is equal.} 13. Be3 {[#]} h4 $146 ({Predecessor:} 13... Bg4 14. Qd2 Qd7 15. Rfe1 Rfe8 16. Rac1 Bh3 17. Bh1 Bf5 18. Bh6 Bh8 {½-½ (49) Villar,J (2230)-Antal,G (2523) La Roda 2017}) 14. Qd2 h3 15. Bh1 Bf5 16. Rfe1 (16. Rad1 $14) 16... Re8 $11 17. Rad1 Rc8 18. Bg5 Qd7 19. d6 {And now Re7 would win.} Bg4 20. Rc1 Nb4 21. Ne4 N6d5 $2 {[%mdl 8192]} (21... Nxa2 $11 22. Ra1 Nb4) 22. Nc2 $2 (22. Nc4 $1 $18) 22... Rxe4 $2 {[%mdl 8192]} (22... Nxc2 $1 $11 23. Qxc2 b6) 23. Bxe4 (23. Rxe4 $142 Bxb2 24. Nxb4 Bxc1 25. Nxd5 (25. Qxc1 cxb4 26. Qd2 Rc6 $14) 25... Bxd2 26. Nf6+ Kg7 27. Nxd7 Bxg5 28. Rxg4) 23... Nxc2 $18 24. Rxc2 Nb4 25. Rcc1 Bd4 {[#]} (25... Nxa2 $16 26. Ra1 Nb4) 26. Be3 ({White must play} 26. Qf4 $1 $18) 26... Qxd6 (26... Nc6 $16 27. b4 b6 28. bxc5 bxc5 29. Rxc5 Bxc5 30. Bxc5 Be6) 27. Bxd4 ({Don't take} 27. Bxb7 Rd8 $18) 27... cxd4 28. Rxc8+ Bxc8 29. Qf4 Qe6 {...Nd3! is the strong threat.} 30. Qd2 Qd6 $1 31. Qg5 Nc6 32. Bd3 ({Better is} 32. Bg2 $18 {Black must now prevent Re8+.} Bd7 {[#]} 33. Bxh3 $1 {[%mdl 512]}) 32... Bd7 (32... Kg7 $16 {was worth a try.}) 33. Bc4 Kg7 34. Qf4 Qxf4 35. gxf4 {[%mdl 4096] Endgame KRB-KBN} Kf6 36. Rd1 Be6 37. Bb5 Bxa2 38. Bxc6 $1 bxc6 39. Rxd4 {KR-KB} Bd5 40. f3 Bxf3 41. Kf2 Bg2 (41... Bd5 $142 42. Kg3 Bg2) 42. Ra4 g5 $2 (42... a6 {keeps fighting.} 43. Rxa6 Kf5) 43. fxg5+ (43. Kg3 $142) 43... Kxg5 44. Rxa7 f6 $2 (44... f5 45. Ra8 f4) 45. Ke3 Kf5 46. Ra5+ Kg4 47. Ra4+ Kf5 48. Rf4+ Ke5 49. b4 Bd5 50. Rh4 Bg2 51. Rf4 Bd5 52. Rg4 f5 53. Rh4 Bg2 54. Rh5 Bf1 55. Kf3 Bg2+ 56. Kg3 Ke4 57. Rh4+ Ke5 58. Rc4 Kd5 59. Rc5+ Ke6 $2 (59... Kd4 60. Rxf5 Kc4 61. Rf4+ Kb3) 60. Kf4 Be4 61. Rc3 Bg2 62. Rd3 Bf1 63. Re3+ Kf6 $2 (63... Kd5 64. Rc3 Kd6 65. Kxf5 Kc7) 64. Re8 $2 (64. Re5 Bd3 65. Re3) 64... Kg6 $2 (64... Bg2 $18 65. Re3 Bf1) 65. Re6+ {White mates.} Kf7 66. Rxc6 Bg2 67. Rc5 Be4 68. Rxf5+ {Precision: White = 51%, Black = 39%.} 1-0

[Event "29th Czech Open-Rapid 2018"]
[Site "Pardubice"]
[Date "2018.07.18"]
[Round "1"]
[White "Mozharov, Mikhail"]
[Black "Vinklarek, Ondrej"]
[Result "1-0"]
[WhiteElo "2542"]
[BlackElo "2071"]
[Annotator "TA"]
[PlyCount "35"]
[EventDate "2018.07.18"]
[EventType "swiss"]
[EventCountry "CZE"]
[SourceTitle "playchess.com"]
[Source "ChessBase"]
[SourceQuality "1"]

{[%evp 15,35,16,24,2,28,47,60,60,447,443,677,654,642,550,528,287,283,187,903,331,29993,29994]} 1. e4 {[%cal Be2e4,Be4e5][%mdl 32]} c6 2. d4 d5 3. e5 Bf5 4. Nf3 e6 5. Be2 c5 6. Be3 cxd4 7. Nxd4 Ne7 8. Nd2 {B12: Caro-Kann: Advance Variation} (8. O-O Nbc6 9. Bb5 a6 10. Bxc6+ Nxc6 11. Nxf5 exf5 12. c3 Be7 13. Nd2 Nxe5 14. Bd4 f6 15. Re1 Nc6 16. Nf1 Kf7 {½-½ (25) Bruzon Batista,L (2664)-Dreev,A (2653) Havana 2018}) 8... Nbc6 {LiveBook: 157 Games} 9. Bb5 Bg6 $146 (9... a6 $5 {[%cal Ra6b5]} 10. Bxc6+ bxc6 $11) ({Predecessor:} 9... a6 10. Bxc6+ bxc6 11. N2b3 Bg6 12. O-O Qc7 13. f4 c5 14. Nf3 Nf5 15. Bf2 h5 {0-1 (47) Higashishiba,T (1989)-Hiebert,K (2179) Tokyo 2018}) 10. c4 {White has an edge.} a6 11. Ba4 dxc4 $2 {[%mdl 8192]} (11... Qd7 $14) 12. Nxc4 $18 {[#] Strongly threatening Nd6+.} Qd5 (12... Nd5 $142 13. Nxc6 Qh4) 13. Nd6+ Kd7 14. Nxb7 {Threatens to win with Rc1.} Kc7 15. Nxc6 Kxb7 16. Nxe7 Qa5+ $2 (16... Bxe7 17. Qxd5+ exd5) 17. Kf1 $2 (17. Bd2 Qxe5+ 18. Be3 Qa5+ 19. Kf1 Bxe7 20. Qd7+ Qc7 21. Bc6+ Kb8 {[#]} 22. Bf4 $1 {[%mdl 512]}) 17... Rd8 $2 (17... Bxe7 $18 18. Qd7+ Qc7 19. Bc6+ Kb8 20. Qxc7+ Kxc7) 18. Qb3+ 1-0

[Event "29th Czech Open-Rapid 2018"]
[Site "Pardubice"]
[Date "2018.07.18"]
[Round "1"]
[White "Zilka, Stepan"]
[Black "Kukelko, Alexey"]
[Result "1/2-1/2"]
[WhiteElo "2517"]
[BlackElo "2196"]
[Annotator "TA"]
[PlyCount "167"]
[EventDate "2018.07.18"]
[EventType "swiss"]
[EventCountry "CZE"]
[SourceTitle "playchess.com"]
[Source "ChessBase"]
[SourceQuality "1"]

{[%evp 21,167,3,10,-35,-14,-6,0,0,12,17,17,8,23,20,17,0,27,-14,-18,-9,0,0,0,0,0,-18,-22,-15,-22,-72,-8,-8,-8,-44,-9,-44,-52,-75,-47,-54,-45,-49,-43,-67,-59,-85,-83,-83,-83,-83,-79,-84,-84,-100,0,0,0,-85,-23,-37,-37,-53,-45,-45,-15,-17,-18,-61,-56,-179,-143,-141,-112,-112,-91,-90,-88,-75,-84,-83,-76,-76,-70,-96,-77,-214,-81,-84,-67,-247,-241,-327,-62,-62,-41,-43,-43,-45,-38,-38,-38,-41,-25,-25,-25,-38,-28,-60,-27,-30,-8,-8,-8,-8,0,0,0,0,0,0,0,0,0,0,0,0,0,0,0,0,0,0,0,0,0,0,0,0,0,0,0,0,0,0,0,0,0,0]} 1. d4 d5 2. c4 e6 3. Nf3 Nf6 4. g3 Be7 5. Bg2 O-O 6. O-O dxc4 7. Ne5 Nc6 8. Nxc6 bxc6 9. Na3 Bxa3 10. bxa3 Ba6 11. Bxc6 {E05: Open Catalan: 5 Nf3 Be7} Rb8 {LiveBook: 30 Games} 12. Qc2 $146 ({Predecessor:} 12. Re1 c3 13. Qa4 Rb6 14. Bf3 Bb5 15. Qc2 Qxd4 16. Be3 Qc4 17. Bxb6 Ba4 18. Qc1 cxb6 {½-½ (60) Andersen,M (2597)-Bacrot,E (2714) Baden-Baden 2018}) 12... Qxd4 13. Be3 Qd6 14. Qa4 Bb7 15. Bxb7 Rxb7 16. Qxc4 Rfb8 17. Bc5 Qd5 18. Rac1 h6 19. Rfd1 Qxc4 20. Rxc4 Rb1 21. Rxb1 Rxb1+ $11 {[%mdl 4096] Endgame KRB-KRN} 22. Kg2 Rb2 23. e4 Rxa2 24. Ra4 {[#]} a6 $1 {[%mdl 512]} 25. Kf3 (25. Rxa6 Nxe4) 25... Rc2 (25... Nd7 $17 26. Ba7 Ne5+ 27. Kg2 Rc2) 26. Bd4 Rc6 27. h3 (27. Bxf6 $5 gxf6 28. h4 $15) 27... Kf8 28. Ke3 (28. Bxf6 $5 gxf6 29. Kg4 $15) 28... Nd7 29. f4 f6 30. Kd3 e5 31. Be3 Ke7 32. Ra5 Kd8 33. f5 Kc8 34. g4 Rd6+ 35. Ke2 Kb7 36. h4 Nb6 37. Rc5 {[#]} Na4 ({Black should play} 37... Rc6 $1 $17 38. g5 hxg5 39. hxg5 Nc4 40. gxf6 gxf6) 38. Rc4 Nb6 39. Rc3 (39. Rc5 $11 {keeps the balance.}) 39... Nd7 (39... Rc6 $17 40. Kd3 Na4 41. Rb3+ Kc8) 40. g5 hxg5 41. hxg5 fxg5 42. Bxg5 c5 {[%cal Bc7c5,Bc5c4][%mdl 32]} 43. Rg3 Nf6 44. Bc1 Rd7 45. Ke3 ({Better is} 45. Rd3 $15) 45... c4 $19 {Hoping for ...Rd3+.} 46. Ke2 Nxe4 47. Re3 Nd6 (47... Nc5 {with more complications.} 48. Rc3 Kc6 49. Rxc4 Kd5 50. Rg4 Ne4) 48. Rxe5 Rf7 49. Kd2 Nxf5 50. Kc3 Nd6 51. a4 Rf3+ 52. Kc2 Kc6 {Threatens to win with ...Nf5.} 53. Rg5 (53. Bb2 $17 {was necessary.}) 53... Nf5 (53... Rf2+ $19 {is more deadly.} 54. Kd1 Rf1+ 55. Kc2 Ne4 56. Rg6+ Rf6 57. Rxg7 Rf2+ 58. Kd1 Rf1+ 59. Kc2 Rf2+ 60. Kd1 Rf1+ 61. Kc2 Rf2+) 54. Bb2 $17 Ne3+ 55. Kd2 $2 {[#]} (55. Kb1 $15) 55... Nd5 $1 $19 56. Bxg7 Rf2+ $2 (56... c3+ $19 57. Ke2 Re3+ 58. Kf2 Re6) 57. Kc1 $15 Ra2 58. Rg6+ Kb7 59. Rd6 Nb6 60. Bd4 Nxa4 {Strongly threatening ...a5.} 61. Rd5 Rg2 {White should prevent ...Rg3.} 62. Ra5 Nb6 63. Rh5 Nd7 64. Rd5 Kc7 {next ...Ra2 is good for Black.} (64... Nb8 {is more complex.} 65. Rf5 Nc6 66. Rf7+ Kc8 67. Bc3 Rg4) 65. Ra5 Rg6 {With the idea ...Rg4.} (65... Rg4 {looks sharper.} 66. Bf2 Kb7 67. Rf5 Rg6 68. Bd4 Rg3) 66. Kc2 {The position is equal.} Rc6 67. Kc3 Nb6 68. Bxb6+ Kxb6 $11 {KR-KR} 69. Rh5 a5 70. Rh8 Kb5 71. Rb8+ Kc5 72. Ra8 Kb6 73. Rb8+ Ka7 74. Rh8 (74. Rb1 {keeps more tension.} Ra6 75. Kxc4 Rc6+ 76. Kb3 Rc7 77. Ka3) 74... Ka6 75. Ra8+ Kb5 76. Rb8+ Ka6 77. Ra8+ Kb6 78. Rb8+ Ka7 79. Rh8 Rc7 80. Rh4 Kb6 81. Rxc4 Rxc4+ 82. Kxc4 a4 83. Kb4 a3 84. Kxa3 {Precision: White = 55%, Black = 48%.} 1/2-1/2

[Event "29th Czech Open-Rapid 2018"]
[Site "Pardubice"]
[Date "2018.07.18"]
[Round "1"]
[White "Kobo, Ori"]
[Black "Gorbatenko, Alexander"]
[Result "1-0"]
[WhiteElo "2508"]
[BlackElo "2049"]
[Annotator "TA"]
[PlyCount "45"]
[EventDate "2018.07.18"]
[EventType "swiss"]
[EventCountry "CZE"]
[SourceTitle "playchess.com"]
[Source "ChessBase"]
[SourceQuality "1"]

{[%evp 20,45,56,60,68,76,85,60,73,83,87,89,92,113,116,122,116,100,189,184,277,264,261,260,354,372,606,600]} 1. e4 c5 2. Nf3 g6 3. c3 Bg7 4. d4 cxd4 5. cxd4 d5 6. e5 Nh6 7. h3 O-O 8. Nc3 Nc6 9. Bb5 f6 10. O-O Nf7 {B22: Sizilianisch (Alapin 2.c3)} 11. exf6 {LiveBook: 9 Partien} Bxf6 (11... exf6 12. Re1 g5 13. b3 Qa5 14. Bd2 g4 15. hxg4 Bxg4 16. Be2 Rad8 17. Nh4 Bxe2 18. Nxe2 Qc7 19. Nf4 Ng5 20. Nf5 Qd7 21. Qg4 Nxd4 22. Ne7+ Kh8 23. Qh5 {1-0 (23) Stefansson,H (2530)-Manik,M (2407) Pardubice 2017}) 12. Re1 Bf5 $146 {Weiß steht besser.} ({Vorgänger:} 12... Qd6 13. Be3 a6 14. Ba4 Na5 15. Bb3 Nc4 16. Qc1 b5 17. Bf4 Qc6 18. a4 {½-½ (51) Paci,C (2389)-San Emeterio Cabanes,J (2398) Mulhouse 2011}) 13. Bf4 g5 14. Bg3 e6 15. Bxc6 bxc6 16. Ne5 Bxe5 17. Bxe5 Nxe5 18. Rxe5 c5 (18... Qf6 $16) 19. g4 cxd4 (19... Bg6 $142) 20. Qxd4 $18 Bg6 21. Rxe6 Rf4 22. Qe5 ({Finger weg von} 22. Qxd5 Qxd5 23. Nxd5 Rd4 $18) 22... Bf7 $2 {[#]} (22... Qb8 23. Qxd5 Rf7) 23. Rd6 {Precision: Weiß = 84%, Schwarz = 43%.} 1-0

[Event "29th Czech Open-Rapid 2018"]
[Site "Pardubice"]
[Date "2018.07.18"]
[Round "1"]
[White "Schlosser, Philipp"]
[Black "Kutynec, Vladimir"]
[Result "1-0"]
[WhiteElo "2501"]
[BlackElo "2273"]
[Annotator "TA"]
[PlyCount "67"]
[EventDate "2018.07.18"]
[EventType "swiss"]
[EventCountry "CZE"]
[SourceTitle "playchess.com"]
[Source "ChessBase"]
[SourceQuality "1"]

{[%evp 10,67,34,6,39,12,83,83,56,64,103,105,111,90,122,117,118,114,120,113,143,148,141,143,208,134,138,130,188,185,184,194,231,240,283,290,285,283,324,276,288,278,577,597,585,571,508,501,598,598,591,585,579,570,737,714,29975,866,866,788]} 1. Nf3 d5 2. g3 e6 3. Bg2 Nf6 4. O-O b5 5. d3 Bb7 6. Nbd2 {LiveBook: 106 Partien} Bc5 {A05: Übergänge in verschiedene Eröffnungen} (6... Nbd7 7. c4 bxc4 8. dxc4 Bd6 9. cxd5 exd5 10. Nd4 O-O 11. N2f3 Re8 12. Nf5 Bf8 13. b4 c6 14. Rb1 {½-½ (51) Svidler,P (2765)-Adly,A (2637) Riadh 2017}) 7. c4 dxc4 $146 (7... bxc4 $11 8. dxc4 Nbd7) ({Vorgänger:} 7... bxc4 8. dxc4 Bb6 9. Qc2 Nbd7 10. e3 Qe7 11. b3 O-O 12. Bb2 Rab8 13. Rac1 Rfd8 14. Rfd1 {½-½ (49) Wong,G (2142)-Zimmer,R (2146) Willingen 2018}) 8. dxc4 $16 bxc4 {Weiß steht besser.} 9. Nxc4 Qxd1 10. Rxd1 Ng4 11. e3 Nd7 12. b3 Bd5 13. Bb2 Ngf6 14. Rac1 a5 15. Nfe5 {Schwarz muss nun Sxd7 beachten.} Nxe5 16. Nxe5 Bxg2 (16... Bb6 $16 17. Nc6 Bxg2) 17. Kxg2 Bd6 18. Nc4 O-O (18... Bc5 $16 19. Bd4 Bxd4) 19. Nxd6 $18 cxd6 20. Rxd6 a4 21. b4 {[%cal Bb3b4,Bb4b5,Bb5b6][%mdl 32]} a3 22. Bxf6 gxf6 {[%mdl 4096] Endspiel KTT-KTT} 23. b5 Rfc8 24. Rdc6 Rd8 25. b6 Rab8 $2 {[#]} (25... Rdb8 26. R1c4 Rb7) 26. R1c3 Kg7 27. Rxa3 Rd2 28. Ra7 Rb2 29. Rcc7 R2xb6 30. Rxf7+ Kg6 31. Rxh7 f5 32. h4 Ra8 33. Rxa8 (33. h5+ $142 Kf6 34. Rxa8 Rb2 35. Rg8 f4 36. gxf4 e5 37. Rf8+ Ke6 38. f5+ Kd5 39. Rd8+ Ke4 40. f6) 33... Kxh7 34. a4 {Precision: Weiß = 80%, Schwarz = 21%.} 1-0

[Event "29th Czech Open-Rapid 2018"]
[Site "Pardubice"]
[Date "2018.07.18"]
[Round "1"]
[White "Hasangatin, Ramil"]
[Black "Dimitrov, Dejan"]
[Result "1-0"]
[WhiteElo "2497"]
[BlackElo "2096"]
[Annotator "TA"]
[PlyCount "83"]
[EventDate "2018.07.18"]
[EventType "swiss"]
[EventCountry "CZE"]
[SourceTitle "playchess.com"]
[Source "ChessBase"]
[SourceQuality "1"]

{[%evp 17,83,76,115,80,100,105,96,104,165,35,101,82,128,46,65,50,88,10,1,17,21,14,21,18,26,25,29,33,47,49,47,23,13,0,0,0,0,-80,0,-28,-29,-27,0,0,0,0,0,0,12,14,133,20,29,20,154,147,201,201,200,177,638,625,4133,1830,4810,4810,1318,937]} 1. e4 d5 2. exd5 Qxd5 3. Nf3 Nf6 4. d4 Bg4 5. Be2 e6 6. h3 Bh5 {B01: Scandinavian Defence} 7. c4 Qd8 (7... Bb4+ 8. Nbd2 Qd7 9. O-O Nc6 10. Nb3 Be7 11. Be3 a5 12. Ne5 Nxe5 13. dxe5 Qxd1 14. Bxd1 Bxd1 15. exf6 Bxb3 16. fxg7 {1-0 (58) Yu,Y (2759)-Ye,R (2461) Tianjin 2018}) 8. Qb3 Qc8 9. Nc3 Be7 {LiveBook: 7 Games} 10. Be3 O-O 11. g4 $146 ({Predecessor:} 11. O-O Nbd7 12. Rfd1 a6 13. a4 Rb8 14. Rac1 Re8 {½-½ (60) Mohammadi,H (2308)-Ahmadinia,E (2227) Teheran 2008}) 11... Bg6 12. Ne5 Nbd7 (12... c5 $16) 13. h4 (13. g5 $18) 13... c5 (13... Nxe5 $14 14. dxe5 Ne4) 14. h5 $16 cxd4 {[#]} 15. Bxd4 ({Don't play} 15. hxg6 Nxe5 16. gxh7+ Kh8 $14) ({White should try} 15. Nxd7 $1 $16 Qxd7 16. O-O-O) 15... Nxe5 16. Bxe5 Qc6 {[#]} 17. O-O ({Better is} 17. Rh3 $1 $16 Nd7 18. hxg6 Nxe5 19. gxh7+ Kh8 20. O-O-O) 17... Be4 $11 18. Nxe4 Qxe4 19. Qe3 Qxe3 20. fxe3 Nd7 21. Bd4 e5 22. Bc3 Bc5 23. Kf2 f5 24. gxf5 Rxf5+ 25. Kg2 Rg5+ 26. Kh3 Bxe3 27. h6 (27. Be1 $11) 27... Bd4 (27... Rc8 $17 28. Bf3 Nf6) 28. Bxd4 exd4 29. Bf3 Rb8 30. Bd5+ Kh8 31. hxg7+ Rxg7 32. Rad1 Re8 33. Rxd4 h6 (33... b6 $11) 34. b3 (34. Bxb7 $16 {And now Rh4 would win.} Nc5 35. Bd5) 34... Re3+ 35. Rf3 Re5 (35... Re1 $11 36. Rg3 Rxg3+ 37. Kxg3 b6) 36. Bxb7 $16 Rh5+ (36... a5 $16 37. Bc8 Re1) 37. Rh4 $18 Rxh4+ 38. Kxh4 Ne5 $2 (38... Rg5 39. Rg3 Ra5) 39. Rf8+ {White is clearly winning.} Kh7 {Hoping for ...Ng6+.} 40. Be4+ Ng6+ 41. Kh5 a6 42. Rf6 {Precision: White = 47%, Black = 21%.} 1-0